Statistics for Države svijeta

Click here to take the quiz!

General Stats

  • This quiz has been taken 1,123 times
  • The average score is 122 of 196

Answer Stats

Država % Correct
Kanada
93%
Hrvatska
92%
Ujedinjeno Kraljevstvo
90%
Srbija
90%
Brazil
90%
Sjedinjene Države
89%
Portugal
88%
Bosna i
Hercegovina
88%
Meksiko
88%
Rusija
88%
Italija
88%
Francuska
87%
Argentina
87%
Kina
87%
Austrija
87%
Crna Gora
86%
Slovenija
86%
Finska
86%
Njemačka
86%
Australija
86%
Švedska
85%
Danska
85%
Grčka
85%
Albanija
85%
Čile
85%
Japan
85%
Island
84%
Poljska
84%
Kosovo
84%
Indija
84%
Irska
84%
Španjolska
84%
Češka
83%
Norveška
83%
Estonija
82%
Bugarska
82%
Makedonija
82%
Turska
82%
Belgija
82%
Iran
81%
Slovačka
81%
Latvija
81%
Švicarska
80%
Egipat
80%
Litva
80%
Irak
80%
Mađarska
79%
Ukrajina
79%
Nizozemska
79%
Južna Koreja
78%
Kuba
78%
Peru
78%
Južna Afrika
78%
Rumunjska
78%
Bjelorusija
78%
Sjeverna Koreja
77%
Madagaskar
77%
Alžir
77%
Urugvaj
75%
Maroko
75%
Moldavija
75%
Kolumbija
75%
Panama
74%
Novi Zeland
74%
Luksemburg
73%
Pakistan
73%
Paragvaj
73%
Bolivija
72%
Kazahstan
72%
Saudijska Arabija
72%
Indonezija
72%
Niger
71%
Vatikan
71%
Andora
71%
Oman
70%
Tunis
70%
Demokratska
Republika Kongo
70%
Mongolija
70%
Gvineja
70%
San Marino
69%
Republika Kongo
69%
Afganistan
69%
Libija
69%
Izrael
69%
Sirija
68%
Jemen
68%
Ekvador
68%
Venezuela
68%
Malta
68%
Cipar
67%
Monako
67%
Nepal
66%
Nigerija
66%
Filipini
66%
Sudan
66%
Uzbekistan
66%
Turkmenistan
65%
Ujedinjeni
Arapski Emirati
64%
Mali
64%
Lihtenštajn
64%
Bangladeš
63%
Vijetnam
63%
Čad
63%
Haiti
62%
Honduras
61%
Etiopija
61%
Obala Bjelokosti
61%
Gruzija
61%
Armenija
60%
Jamajka
60%
Tajland
60%
Tadžikistan
59%
Šri Lanka
59%
Katar
59%
Jordan
59%
Kirgistan
59%
Surinam
58%
Gana
58%
Zimbabve
57%
Butan
57%
Kostarika
56%
Gvajana
56%
Malezija
55%
Južni Sudan
55%
Dominika
55%
Bocvana
54%
Laos
53%
Bahami
53%
Azerbajdžan
53%
Angola
53%
Somalija
52%
Zambija
52%
Sveta Lucija
51%
Trinidad i Tobago
51%
Papua Nova Gvineja
51%
Kambodža
51%
Mozambik
51%
Libanon
51%
Tajvan
51%
Mjanmar
50%
Tanzanija
50%
Dominikanska Republika
50%
Kenija
50%
Nikaragva
49%
Togo
49%
Barbados
48%
Uganda
48%
Kuvajt
48%
Belize
47%
Senegal
46%
Fidži
46%
El Salvador
43%
Bahrein
43%
Kamerun
43%
Gvatemala
42%
Maldivi
42%
Malavi
42%
Lesoto
42%
Liberija
42%
Srednjoafrička Republika
42%
Istočni Timor
42%
Singapur
42%
Savezne Države
Mikronezije
42%
Ruanda
42%
Benin
41%
Namibija
41%
Sveti Toma i Princip
41%
Eritreja
41%
Tonga
41%
Sveti Vincent i
Grenadini
40%
Gvineja Bisau
39%
Mauritanija
39%
Ekvatorska Gvineja
39%
Burkina Faso
39%
Gabon
38%
Sveti Kristofor i
Nevis
37%
Antigva i Barbuda
37%
Burundi
36%
Brunej
36%
Svazi
35%
Gambija
35%
Sejšeli
35%
Tuvalu
34%
Palau
33%
Džibuti
33%
Grenada
33%
Mauricijus
33%
Kiribati
33%
Samoa
32%
Nauru
30%
Sijera Leone
29%
Zelenortski Otoci
29%
Maršalovi Otoci
28%
Salomonski Otoci
26%
Vanuatu
26%
Komori
24%

Score Distribution

Percentile by Number Answered

Percent of People with Each Score

Your Score History

You have not taken this quiz